Guess the Green Day Song #6: Expert - Statistics

General Stats
  • This quiz has been taken 80 times
  • The average score is 50 of 165
Answer Stats
lyric % Correct
I'll
96%
a
92%
A
92%
the
77%
The
77%
you
73%
do
60%
me
54%
and
50%
And
50%
go
48%
we
46%
we'll
46%
it
44%
on
44%
no
42%
of
40%
to
40%
Where
40%
have
37%
what
33%
one
29%
love
27%
will
27%
here
25%
Fucked
23%
down
21%
end
21%
road
21%
from
19%
at
15%
did
15%
out
15%
streets
15%
take
15%
our
13%
with
13%
again
12%
Another
12%
dead
12%
fall
12%
fallen
12%
Fat
12%
turned
12%
night
10%
rock
10%
has
8%
knock
8%
made
8%
Promise
8%
sentimental
8%
through
8%
without
8%
argument
6%
bitter
6%
brick
6%
directions
6%
dragged
6%
dust
6%
fight
6%
guarantee
6%
kiss
6%
lips
6%
mud
6%
open
6%
pride
6%
punching
6%
Song: Worry Rock
6%
stone
6%
walls
6%
wasted
6%
windows
6%
worry
6%
wounds
6%
Yelling
6%
No matching quizzes found
Score Distribution
Percent of People with Each Score
Percentile by Number Answered
Your Score History
You have not taken this quiz